00711nam a2200205Ia 4500001001000000003000500010008004100015010001100056040000900067100003300076245014400109260002900253300001000282440002300292650003300315650002500348700002900373700003100402710007200433Para_6848CHAP220125s1966 xx 000 0 und d a203692 cCHAP aOrtíz Cereceres, Joaquín aSiembre maíz H412 en la zona de Matamoros, Tamps. /c por Joaquín Ortíz Cereceros, Jorge Alarcón Cejudo y Rafael Maciel Rodríguez aMéxico :b INIA. CIANO a10 p. aCircular CIANE; 16 aMaíz x Matamoros, Tamps.  aMaíz x variedades aAlarcón Cejudo, Jorge  aMaciel Rodríguez, Rafael aInstituto Nacional de Investigaciones Agrícolas (México). CIANE